[Event "12th Norway Chess Women"]
[Site "Stavanger NOR"]
[Date "2024.06.04"]
[Round "8.1"]
[White "Vaishali, Rameshbabu"]
[Black "Muzychuk, Anna"]
[Result "1/2-1/2"]
[WhiteTitle "GM"]
[BlackTitle "GM"]
[WhiteElo "2489"]
[BlackElo "2505"]
[WhiteFideId "5091756"]
[BlackFideId "14111330"]
[EventDate "2024.05.27"]

1. d4 d5 2. Nc3 Nf6 3. Bf4 Bf5 4. e3 e6 5. Bd3 Bxd3 6. cxd3 Nc6 7. Qb3 Rb8 8.
Nf3 Bd6 9. Be5 O-O 10. O-O Ng4 11. Bxd6 Qxd6 12. Nb5 Qe7 13. e4 Nf6 14. Rfe1 a6
15. Nc3 Rfd8 16. Rad1 Qb4 17. Qxb4 Nxb4 18. a3 Nc6 19. Na4 a5 20. e5 Nd7 21. Rc1
Rdc8 22. Rc2 Na7 23. g4 Kf8 24. Kg2 Ke7 25. Kg3 h6 26. h4 Nb5 27. Nc5 c6 28. a4
Nc7 29. Rec1 g6 30. Kf4 Nxc5 31. dxc5 Na6 32. Nd4 Nb4 33. Rd2 Rh8 34. Ke3 Ra8
35. Rg1 Na6 36. Nb3 Nc7 37. d4 h5 38. g5 Ne8 39. Kd3 Ng7 40. Rh1 Nf5 41. Rc2 Ra6
42. Kc3 Kd7 43. Rd2 Rb8 44. Rh2 Kc7 45. Rh1 Kd7 46. Rh2 Kc7 47. Rh1 Kd7 1/2-1/2

[Event "12th Norway Chess Women"]
[Site "Stavanger NOR"]
[Date "2024.06.04"]
[Round "8.2"]
[White "Ju, Wenjun"]
[Black "Cramling, Pia"]
[Result "1-0"]
[WhiteTitle "GM"]
[BlackTitle "GM"]
[WhiteElo "2559"]
[BlackElo "2449"]
[WhiteFideId "8603006"]
[BlackFideId "1700030"]
[EventDate "2024.05.27"]

1. d4 Nf6 2. c4 e6 3. Nc3 Bb4 4. e3 O-O 5. Bd2 b6 6. Bd3 Bb7 7. Nge2 d5 8. cxd5
exd5 9. O-O Re8 10. Rc1 a6 11. f3 Bd6 12. g4 h6 13. Qe1 c5 14. Qh4 Nbd7 15. Qf2
Nf8 16. h4 Ne6 17. Kh1 b5 18. a3 Nd7 19. Rg1 Ndf8 20. f4 cxd4 21. exd4 Nc5 22.
Bc2 Ne4 23. Nxe4 dxe4 24. Be3 Rc8 25. f5 Qd7 26. Bb3 Rxc1 27. Nxc1 Bb8 28. Ne2
Bd5 29. Bxd5 Qxd5 30. f6 Ne6 31. fxg7 Kxg7 32. Rf1 Nf8 33. Qf6+ Kg8 34. Bxh6 e3+
35. Kg1 Ne6 1-0

[Event "12th Norway Chess Women"]
[Site "Stavanger NOR"]
[Date "2024.06.04"]
[Round "8.3"]
[White "Lei, Tingjie"]
[Black "Koneru, Humpy"]
[Result "1-0"]
[WhiteTitle "GM"]
[BlackTitle "GM"]
[WhiteElo "2548"]
[BlackElo "2545"]
[WhiteFideId "8605114"]
[BlackFideId "5008123"]
[EventDate "2024.05.27"]

1. d4 d5 2. c4 dxc4 3. e4 e5 4. Nf3 Bb4+ 5. Nc3 exd4 6. Nxd4 Nd7 7. Bxc4 Ngf6 8.
f3 O-O 9. O-O Qe7 10. Be2 Ne5 11. Bg5 Qc5 12. Bxf6 gxf6 13. Na4 Qe7 14. a3 Bd6
15. Nb5 Rd8 16. Nxd6 Rxd6 17. Qe1 Ng6 18. Nc3 Qe5 19. Qf2 Nf4 20. Rfd1 Be6 21.
Rxd6 Qxd6 22. Rd1 Qb6 23. Qxb6 axb6 24. Bf1 Bb3 25. Rd7 Rc8 26. g3 Be6 27. Rd2
Ng6 28. f4 Kf8 29. Kf2 Ne7 30. Be2 f5 31. exf5 Nxf5 32. Ne4 Ke7 33. g4 Nd6 34.
Nxd6 cxd6 35. f5 Bd7 36. Ke3 Rc5 37. Kf4 h5 38. f6+ Kxf6 39. Rxd6+ Be6 40. Rxb6
hxg4 41. Bxg4 Rc4+ 42. Kf3 Rc7 43. h4 Ke5 44. Bxe6 fxe6 45. h5 Rf7+ 46. Ke3 Kd5
47. a4 Rh7 48. Rb5+ Kc6 49. Kf4 Kd6 50. Kg5 e5 51. Kg6 Re7 52. h6 e4 53. h7 Re6+
54. Kg7 Re7+ 55. Kh6 Re6+ 56. Kh5 Re8 57. Rg5 e3 58. Rg1 Kc5 59. Re1 Kd4 60. Kg6
Kd3 61. Kg7 Kd2 62. Rh1 e2 63. h8=Q Rxh8 64. Kxh8 Kc2 65. a5 Kxb2 66. Re1 1-0

[Event "12th Norway Chess Women"]
[Site "Stavanger NOR"]
[Date "2024.06.06"]
[Round "9.1"]
[White "Lei, Tingjie"]
[Black "Vaishali, Rameshbabu"]
[Result "1-0"]
[WhiteTitle "GM"]
[BlackTitle "GM"]
[WhiteElo "2548"]
[BlackElo "2489"]
[WhiteFideId "8605114"]
[BlackFideId "5091756"]
[EventDate "2024.05.27"]

1. c4 c5 2. Nf3 Nf6 3. Nc3 e6 4. e4 Nc6 5. Be2 d5 6. exd5 exd5 7. d4 cxd4 8.
Nxd4 dxc4 9. Nxc6 Qxd1+ 10. Bxd1 bxc6 11. Bf3 Bb7 12. Be3 O-O-O 13. O-O c5 14.
Be2 Bd6 15. Rac1 Rhe8 16. Rfd1 Be5 17. Rxd8+ Kxd8 18. Bxc4 Ng4 19. Bxc5 Bxh2+
20. Kf1 Re5 21. Rd1+ Kc8 22. Bxa7 Bf4 23. Nd5 Bg5 24. Nb6+ Kc7 25. Rd7+ Kc6 26.
a4 1-0

[Event "12th Norway Chess Women"]
[Site "Stavanger NOR"]
[Date "2024.06.06"]
[Round "9.2"]
[White "Koneru, Humpy"]
[Black "Ju, Wenjun"]
[Result "1/2-1/2"]
[WhiteTitle "GM"]
[BlackTitle "GM"]
[WhiteElo "2545"]
[BlackElo "2559"]
[WhiteFideId "5008123"]
[BlackFideId "8603006"]
[EventDate "2024.05.27"]

1. d4 Nf6 2. c4 e6 3. Nf3 d5 4. Nc3 Bb4 5. Qa4+ Nc6 6. e3 O-O 7. Qc2 Bxc3+ 8.
Qxc3 Ne4 9. Qc2 Nb4 10. Qd1 c5 11. a3 Qa5 12. Bd2 Nxd2 13. Nxd2 Nc6 14. dxc5
Qxc5 15. b4 Qe7 16. Bd3 h6 17. cxd5 exd5 18. O-O d4 19. Re1 Be6 20. exd4 Nxd4
21. Nf3 Nxf3+ 22. Qxf3 Rad8 23. Qe4 g6 24. Qe3 Kg7 25. Bc4 b6 26. Bxe6 Qxe6 27.
Qxe6 fxe6 28. Rxe6 Rd2 29. Re7+ Rf7 30. Rxf7+ Kxf7 31. Kf1 Rd3 32. a4 a5 33. b5
Rd4 34. Ke2 h5 35. Ke3 Rb4 36. f4 Ke6 37. Rc1 Rxa4 38. Rc6+ Kf5 39. Rxb6 Rb4 40.
g3 a4 41. Ra6 Rxb5 42. Rxa4 h4 43. gxh4 Rb3+ 44. Kf2 Rb2+ 45. Kg3 Rb3+ 46. Kg2
Rb2+ 47. Kg3 Rb3+ 48. Kg2 Rb2+ 49. Kg3 1/2-1/2

[Event "12th Norway Chess Women"]
[Site "Stavanger NOR"]
[Date "2024.06.06"]
[Round "9.3"]
[White "Cramling, Pia"]
[Black "Muzychuk, Anna"]
[Result "1/2-1/2"]
[WhiteTitle "GM"]
[BlackTitle "GM"]
[WhiteElo "2449"]
[BlackElo "2505"]
[WhiteFideId "1700030"]
[BlackFideId "14111330"]
[EventDate "2024.05.27"]

1. d4 d5 2. c4 e6 3. Nc3 c5 4. cxd5 cxd4 5. Qa4+ Bd7 6. Qxd4 exd5 7. Qxd5 Nf6 8.
Qd1 Bc5 9. Nf3 O-O 10. e3 Nc6 11. Be2 Qe7 12. O-O Rfd8 13. Qc2 Nb4 14. Qb3 Rac8
15. a3 Be6 16. Qa4 Bd7 17. Qb3 Be6 18. Qa4 Bd7 19. Qb3 Be6 20. Qa4 1/2-1/2